Water-soluble resins (Record no. 22805)
[ view plain ]
| 000 -LEADER | |
|---|---|
| fixed length control field | 00511nam a22001697a 4500 |
| 008 - FIXED-LENGTH DATA ELEMENTS--GENERAL INFORMATION | |
| fixed length control field | 230424b |||||||| |||| 00| 0 eng d |
| 040 ## - CATALOGING SOURCE | |
| Original cataloging agency | National Science Library |
| Transcribing agency | National Science Library |
| 080 ## - UNIVERSAL DECIMAL CLASSIFICATION NUMBER | |
| Universal Decimal Classification number | 668.44 |
| Item number | K2 |
| 245 ## - TITLE STATEMENT | |
| Title | Water-soluble resins |
| 260 ## - PUBLICATION, DISTRIBUTION, ETC. | |
| Place of publication, distribution, etc. | New York: |
| Name of publisher, distributor, etc. | Reinhold Publishing Corporation, |
| Date of publication, distribution, etc. | 1962 |
| 300 ## - PHYSICAL DESCRIPTION | |
| Extent | vii, 209p. |
| 650 ## - SUBJECT ADDED ENTRY--TOPICAL TERM | |
| Topical term or geographic name entry element | Chemical technology |
| 653 ## - INDEX TERM--UNCONTROLLED | |
| Uncontrolled term | Acrylic acid |
| 700 ## - ADDED ENTRY--PERSONAL NAME | |
| Personal name | Davidson, Robert L (Ed.) |
| 700 ## - ADDED ENTRY--PERSONAL NAME | |
| Personal name | Sitting, Marshall (Ed.) |
| 942 ## - ADDED ENTRY ELEMENTS (KOHA) | |
| Source of classification or shelving scheme | Universal Decimal Classification |
| Koha item type | Reference |
| Withdrawn status | Lost status | Damaged status | Not for loan | Collection | Home library | Current library | Shelving location | Date acquired | Total Checkouts | Full call number | Barcode | Date last seen | Price effective from | Koha item type |
|---|---|---|---|---|---|---|---|---|---|---|---|---|---|---|
| Reference | National Science Library | National Science Library | GF/Rk-20/C-9/R-6 | 20/07/2004 | 668.44 K2 | 190234 | 24/04/2023 | 20/07/2004 | Reference |